书目信息 |
| 题名: |
胶体化学
|
|
| 作者: | 北京大学化学系胶体化学教学小组 编 | |
| 分册: | ||
| 出版信息: | 北京 人民教育出版社 1961.07 |
|
| 页数: | 127页 | |
| 开本: | 20cm | |
| 丛书名: | ||
| 单 册: | ||
| 中图分类: | O648 | |
| 科图分类: | ||
| 主题词: | 物理化学 , 量子化学 | |
| 电子资源: | ||
| ISBN: | ||
| 000 | 00650nam0 2200217 45 | |
| 001 | 0405200870 | |
| 005 | 20040520083048.0 | |
| 010 | @dCNY0.42 | |
| 091 | @aK13010.1004 | |
| 100 | @a20040520d1961 km y0chiy0120 ea | |
| 101 | 0 | @achi |
| 105 | @a z 000yy | |
| 200 | 1 | @a胶体化学@AJiao Ti Hua Xue@f北京大学化学系胶体化学教学小组编@FBei Jing Da Xue Hua Xue Xi Jiao Ti Hua Xue Jiao Xue Xiao Zu Bian |
| 210 | @a北京@c人民教育出版社@d1961.07 | |
| 215 | @a127页@d20cm | |
| 606 | 0 | @a物理化学 |
| 606 | 0 | @a量子化学 |
| 690 | @aO648@v3 | |
| 701 | 0 | @a北京大学化学系胶体化学教学小组@4编 |
| 801 | @aCN@bPftUser@c20040520 | |
| 905 | @f2@b16594-595@dO648@e2 | |
| 胶体化学/北京大学化学系胶体化学教学小组编.-北京:人民教育出版社,1961.07 |
| 127页;20cm |
| ISBN :CNY0.42 |
| ● |
| 相关链接 |
|
|
|
|
正题名:胶体化学
索取号:O648/2
 
预约/预借
| 序号 | 登录号 | 条形码 | 馆藏地/架位号 | 状态 | 备注 |
| 1 | 0016594 | 000343505 | 第二样本阅览室/ [索取号:O648/2] | 在馆 | |
| 2 | 0016595 | 000343514 | 第三借阅区/ [索取号:O648/2] | 在馆 |